| 000 | 00522nam a22001457a 4500 | ||
|---|---|---|---|
| 999 |
_c30668 _d30668 |
||
| 008 | 200827b ||||| |||| 00| 0 eng d | ||
| 020 | _a9780691160979 | ||
| 050 | _aPN 56 .S5765G55 2011 | ||
| 100 | _aGikandi, Simon | ||
| 245 |
_aSlavery and the culture of taste/ _cSimon Gikandi |
||
| 260 |
_aNew Jersey: _bPrinceton University press, _c2011. |
||
| 300 |
_axviii,366p. : _bcol. ill. ; _c24cm. |
||
| 521 | _aIncludes bibliographical references and index. | ||
| 942 |
_2lcc _cBOOKS _hPN 56 .S5765G55 2011 |
||